[Event "Hokkaido Ch.2017"]
[Site "Sapporo"]
[Date "2017.03.26"]
[Round "4.6"]
[White "Koyahata, Taku"]
[Black "Watanabe, Katsumi"]
[Result "0-1"]
[WhiteElo "1349"]
[BlackElo "1732"]
[Annotator "Fritz 15 (30s)"]
[PlyCount "94"]

{E00: Catalan Bogo-Indian (3 g3 Bb4+)} 1. d4 d5 2. c4 Nf6 3. Nc3 e6 4. a3 Be7
5. Nf3 O-O 6. c5 $146 {This push gains space} (6. Bf4 c6 (6... b6 7. e3 Bb7 8.
cxd5 Nxd5 9. Bg3 c5 10. Bd3 cxd4 11. exd4 Nc6 12. O-O Rc8 13. Bc2 g6 14. Qd3
Nxc3 15. bxc3 Bf6 16. h4 Ne7 17. Bf4 Nd5 18. Bd2 Qc7 19. Bb3 Rfd8 20. Rac1 Nf4
21. Qe3 {Obermayr,H (2170)-Duer,W (2271) Austria 2015 1/2-1/2 (37)}) 7. e3 Nbd7
8. h3 b6 9. cxd5 exd5 10. Bd3 Bb7 11. O-O Re8 12. b4 Nf8 13. Qc2 h6 14. Rfe1
Ne6 15. Bh2 Rc8 16. Ne5 Bd6 17. Qb1 Re7 18. Ra2 c5 19. bxc5 bxc5 20. Nb5 Bb8 {
Rasmussen,A (2532)-Zhou,Q (2182) Reykjavik 2015 1-0 (74)}) (6. Bg5 b6 (6... h6
7. Bh4 Nbd7 8. e3 c6 9. Qc2 Re8 10. cxd5 exd5 11. Bd3 Ne4 12. Bxe7 Qxe7 13.
Bxe4 dxe4 14. Nd2 f5 15. O-O Nf6 16. Nc4 Be6 17. Ne5 c5 18. Ng6 Qf7 19. Ne5 Qe7
20. Ng6 Qd6 21. Nf4 {Tartakower,S-Unzicker,W Birmingham 1951 1/2-1/2 (43)}) 7.
Bxf6 Bxf6 8. cxd5 exd5 9. g3 c5 10. Bg2 Nc6 11. dxc5 Bxc3+ 12. bxc3 bxc5 13.
O-O Be6 14. Ne1 Rc8 15. Nd3 Qa5 16. Qc1 Rfd8 17. Rd1 Rd6 18. Nf4 Rcd8 19. Rb1
Ne7 20. c4 h6 {Dao,T (2580)-Harikrishna,P (2200) Calicut 1998 1-0 (75)}) (6.
Bf4 Nbd7 $11) 6... b6 7. b4 a5 8. Bb2 c6 {Consolidates b5} 9. Na4 Nbd7 10. Ne5
(10. e3 Ne4 $11) 10... Bb7 (10... Nxe5 11. dxe5 Nd7 12. e3 $17) 11. e3 (11.
Nxd7 Nxd7 12. e3 axb4 13. axb4 e5 $11) 11... b5 {Black threatens to win
material: b5xa4} (11... Nxe5 $5 12. dxe5 Nd7 $17) 12. Nc3 Qc7 13. Nxd7 Nxd7 14.
Be2 a4 {Black wins space} (14... e5 15. Na2 $11) 15. O-O Bf6 16. f4 g6 {
Controls h5} 17. Kh1 Bg7 18. e4 Rae8 (18... dxe4 19. Nxe4 Nf6 20. Nxf6+ Bxf6
21. Qd2 $11) 19. e5 $14 {White gains space} f6 20. Qc2 f5 21. g4 (21. Rad1 Ra8
$16) 21... Rf7 22. gxf5 Rxf5 23. Bg4 {White threatens to win material: Bg4xf5}
Rf7 24. Ne2 Bc8 25. Rf3 Nb8 {White has an active position} (25... Qd8 26. Rg1
$14) 26. Rg1 (26. h4 Qe7 27. Rh3 Bh6 $16) 26... Qe7 27. Rh3 Na6 {Black has a
cramped position} 28. Ng3 Nc7 (28... Rff8 $142 $14) 29. f5 $4 {throws away a
nice position} (29. Bh5 $142 Rf5 30. Nxf5 exf5 31. Bd1 $16) 29... exf5 $19 30.
Nxf5 (30. Bf3 {does not solve anything} f4 31. Rxh7 Kxh7 $19) 30... Bxf5 31.
Bxf5 Rxf5 32. Qg2 (32. Bc1 {does not win a prize} Ne6 33. Be3 Ref8 $19) 32...
Bh8 (32... Ref8 $142 $5 {seems even better} 33. Bc1 Rf2 34. Qg4 $19) 33. Bc1
Ref8 (33... Ne6 {might be the shorter path} 34. Qg4 Ref8 35. Be3 $19) 34. Bh6
Bg7 35. Qg4 (35. Be3 $19 {is one last hope}) 35... Bxh6 36. Rxh6 Qg7 (36... Ne6
$5 {keeps an even firmer grip} 37. Rh3 $19) 37. Rh3 Qf7 38. Qh4 (38. Rhg3 $19 {
the last chance for counterplay}) 38... Rf1 39. Qg3 Ne6 (39... Qf5 40. Rh4
Rxg1+ 41. Qxg1 Qf3+ 42. Qg2 Qd1+ 43. Qg1 Rf1 44. Rg4 Qf3+ 45. Rg2 Ne6 46. h4
Nf4 47. Qxf1 Qxf1+ 48. Kh2 Qxg2#) 40. Rh4 Rxg1+ 41. Qxg1 Qf3+ 42. Qg2 Qd1+ 43.
Qg1 Rf1 44. Rg4 (44. h3 {hardly improves anything} Rxg1+ 45. Kh2 Qe1 46. Rg4
Qf2+ 47. Rg2 Qxg2#) 44... Qf3+ (44... Rxg1+ 45. Rxg1 Qf3+ 46. Rg2 Nf4 47. h4
Qxg2#) 45. Rg2 Rxg1+ 46. Kxg1 Nf4 47. Ra2 (47. Rxg6+ {does not save the day}
hxg6 48. h4 Qg2#) 47... Ne2+ (47... Ne2+ 48. Rxe2 Qxe2 49. e6 Kf8 50. e7+ Kxe7
51. h3 Kf6 52. h4 Kf5 53. Kh1 Ke4 54. Kg1 Kf3 55. Kh1 Qg2#) (47... Nh3#) 0-1

[Event "Hokkaido Ch.2017"]
[Site "Sapporo"]
[Date "2017.03.26"]
[Round "4.7"]
[White "Sato, Yasuji"]
[Black "Sato, Takeru"]
[Result "0-1"]
[WhiteElo "1555"]
[BlackElo "1230"]
[Annotator "Fritz 15 (30s)"]
[PlyCount "72"]

{B04: Alekhine's Defence: 4 Nf3} 1. e4 Nf6 2. e5 Nd5 3. d4 d6 4. Nf3 Nc6 5. Bc4
Nb6 6. Bxf7+ (6. Bb5 Bd7 7. a4 e6 8. c3 dxe5 9. dxe5 Na5 10. Nbd2 a6 11. Bd3 c5
12. b3 c4 13. bxc4 Qc7 14. O-O h6 15. c5 Bxc5 16. Ne4 Be7 17. Re1 Nbc4 18. Bf4
Bc6 19. Qe2 Bd5 20. Rab1 Rc8 {Najer,E (2605)-Nguyen,N (2528) Moscow 2007 1-0 
(67)}) 6... Kxf7 7. Ng5+ Kg8 8. e6 h6 $4 $146 {ruins a very nice position} (
8... Qe8 9. d5 Nd8 10. Qd3 c6 11. c4 Qg6 12. Qb3 h6 13. Qd1 {0-1 (13)
Morchiashvili,B (2332)-Chkhaidze,N (2215) Batumi 2015}) (8... Qe8 $5 9. Nc3 $19
) 9. Nf7 $4 {gives the opponent new chances} (9. Qh5 $142 Rh7 10. Nf7 $14) 9...
Qe8 $17 10. Qh5 $4 {the final mistake, not that it matters anymore} (10. d5
$142 Nb4 11. c4 Nxc4 12. a3 Nxd5 13. Qxd5 Bxe6 14. Qxe6 Qxf7 15. Qh3 $17) 10...
Bxe6 $19 11. Nxh6+ gxh6 12. Qh4 (12. Qxe8 {hardly improves anything} Rxe8 13.
Na3 Nxd4 $19) 12... Qg6 13. Nc3 (13. Qg3 {doesn't change the outcome of the
game} Qxg3 14. hxg3 Nxd4 $19) 13... Nd5 (13... Qxg2 $142 {might be the shorter
path} 14. Qe4 Qxe4+ 15. Nxe4 Nxd4 16. Kd2 $19) 14. Ne4 (14. Qe4 {the only
chance to get some counterplay} Qxe4+ 15. Nxe4 $19) 14... Nxd4 15. O-O Nf3+ 16.
Kh1 Nxh4 17. Ng3 Bg7 18. c3 Rf8 19. f3 Be5 (19... Rxf3 20. Rxf3 Qc2 21. Rf8+
Kxf8 22. Bd2 Qxd2 23. Rg1 Bh3 24. gxh3 Nf3 25. Nf1 Qf2 26. Rg3 Qxf1+ 27. Rg1
Qxg1#) 20. Rf2 Bxg3 21. hxg3 (21. Re2 {cannot change destiny} Qd3 22. Bg5 Qxe2
23. Bxh4 Nf4 24. Rg1 Bh3 25. hxg3 Bxg2+ 26. Kh2 Bxf3+ 27. Rg2 Qxg2#) 21... Qxg3
22. Kg1 (22. Bd2 {cannot change what is in store for White} Qxf2 23. Rg1 Rf5
24. Be3 Nxe3 25. g4 Nxf3 26. gxf5+ Qxg1#) 22... Bh3 (22... Nxf3+ 23. Kf1 Nd2+
24. Kg1 Rxf2 25. Bxd2 Qxg2#) 23. Kf1 (23. Bd2 {is not much help} Nxf3+ 24. Kf1
Nxd2+ 25. Ke1 Qxf2+ 26. Kd1 Ne3+ 27. Kc1 Qe1#) 23... Nxg2 (23... Rxf3 24. Rxf3
Qxf3+ 25. Ke1 Nxg2+ 26. Kd2 Bf5 27. a4 Qd3#) 24. Ke2 Ngf4+ (24... Rxf3 25. Rxf3
Bg4 26. Kd3 Qxf3+ 27. Kc4 Qe4+ 28. Kb3 Bd1+ 29. Ka3 Qa4#) 25. Bxf4 Nxf4+ 26.
Ke3 Nd5+ (26... Rf5 27. Rd2 Re5+ 28. Kd4 b5 29. c4 Qxf3 30. Rg1+ Kf8 31. Rg8+
Rxg8 32. cxb5 Re4#) 27. Ke2 Bg4 (27... Rxf3 28. Rxf3 Qg2+ 29. Rf2 Bg4+ 30. Kd3
Qxf2 31. Kc4 Qxb2 32. Kxd5 Qe2 33. Kd4 e5+ 34. Kd5 Qd3#) 28. Raf1 Bh3 {Black
threatens to win material: Bh3xf1} 29. Re1 $4 {simply marches past the door to
victory} (29. Ra1 Rf6 30. Raf1 Re6+ 31. Kd1 Bxf1 32. Rxf1 Qg2 33. Re1 Ne3+ 34.
Rxe3 Rxe3 35. b4 Rxf3 36. a3 Rf1#) 29... Bg2 (29... Nf4+ 30. Ke3 Rf5 31. Ree2
Nxe2 32. Rf1 Bxf1 33. Kd2 Qf2 34. Kd1 Nxc3+ 35. bxc3 Re5 36. a3 Re1#) 30. Rg1 (
30. Kd2 {doesn't do any good} Rxf3 31. Rxg2 Qxg2+ 32. Re2 Qf1 33. a4 Qb1 34.
Rg2+ Kf8 35. b4 Qb2+ 36. Ke1 Qxg2 37. c4 Rf1#) 30... Bxf3+ 31. Rxf3 (31. Kd2 {
doesn't get the cat off the tree} Qxg1 32. Rxf3 Rxf3 33. Kc2 Qf1 34. Kb3 Qb5+
35. Kc2 Rf2+ 36. Kc1 Qf1#) 31... Qxg1 32. Rxf8+ (32. a4 {does not improve
anything} Rxf3 33. Kxf3 Qe3+ 34. Kg2 Nf4+ 35. Kh2 Qh3+ 36. Kg1 Qg2#) 32... Kxf8
33. c4 (33. Kd2 {is no salvation} Qb1 34. c4 Rg8 35. Ke2 Qxb2+ 36. Kd3 Rg3+ 37.
Ke4 Qe5#) 33... Qe3+ 34. Kd1 Qd3+ (34... Rg8 35. cxd5 Rg1+ 36. Kc2 Rc1#) 35.
Kc1 (35. Ke1 {doesn't change anything anymore} Nf4 36. Kf2 Rg8 37. a3 Qe2#)
35... Nb4 36. b3 (36. a3 {doesn't get the bull off the ice} Na2#) 36... Qc2#
0-1

[Event "Hokkaido Ch.2017"]
[Site "Sapporo"]
[Date "2017.03.26"]
[Round "4.8"]
[White "Kudo, Sonosuke"]
[Black "Kimura, Yusei"]
[Result "0-1"]
[WhiteElo "952"]
[BlackElo "1009"]
[Annotator "Fritz 15 (30s)"]
[PlyCount "70"]

{C50: Hungarian Defence and Giuoco Pianissimo} 1. e4 e5 2. Nf3 Nc6 3. Bc4 Bc5
4. O-O d6 5. d3 Bg4 6. h3 Bh5 7. g4 $146 {White threatens to win material:
g4xh5} (7. c3 Nge7 8. b4 Bb6 9. a4 a6 10. a5 Ba7 11. Be3 O-O 12. Bxa7 Rxa7 13.
Re1 Ra8 14. Nbd2 Kh8 15. g4 Bg6 16. Nf1 d5 17. exd5 Nxd5 18. Nxe5 Nxe5 19. Rxe5
Nxc3 20. Qf3 b5 21. axb6 cxb6 {Saric,I (2661)-Bosiocic,M (2548) Porec 2014 1/
2-1/2 (39)}) 7... Bg6 8. Ng5 (8. c3 Qd7 $11) 8... Qe7 (8... h5 $142 $15) 9.
Nxf7 $4 {White has let it slip away} (9. Nc3 $142 $11 {was possible}) 9... Bxf7
$19 10. Bxf7+ Qxf7 11. Be3 Bd4 (11... h5 {seems even better} 12. g5 $19) 12.
Bxd4 $6 {doesn't do very much to defend the position} (12. Nd2 $19) 12... Nxd4
13. Qd2 (13. Nd2 $19 {there is nothing better in the position}) 13... Nf3+ 14.
Kg2 Nxd2 15. Nxd2 O-O-O 16. Nf3 h6 (16... h5 {and Black can already relax} 17.
g5 Rf8 18. Ng1 $19) 17. d4 Rf8 18. Nd2 exd4 (18... Qf4 19. Rad1 h5 20. f3 exd4
21. g5 Qxg5+ 22. Kh1 Qg3 23. f4 Qxh3+ 24. Kg1 Rh6 25. f5 Rff6 26. Rf3 Rhg6+ 27.
fxg6 Rxg6+ 28. Kf2 Rg2+ 29. Ke1 Qh4+ 30. Rg3 Qxg3+ 31. Kf1 Qf2#) 19. b3 d5 20.
exd5 Qxd5+ 21. f3 Rf6 (21... h5 22. Rf2 hxg4 23. Rh1 Rxh3 24. Rxh3 gxh3+ 25.
Kf1 Nf6 26. Ke2 Qc5 27. Nc4 d3+ 28. Kxd3 Qxf2 29. Ne3 Re8 30. Kc3 Qxe3+ 31. Kb2
Nd5 32. Ka3 Qc3 33. f4 Re6 34. Ka4 Qb4#) 22. Rae1 Re6 23. Rxe6 Qxe6 24. Ne4 Nf6
25. Nc5 Qc6 26. b4 Nd7 (26... Nd5 $142 {keeps an even firmer grip} 27. Rf2 Nxb4
28. Ne4 $19) 27. Nxd7 Qxd7 (27... Qxc2+ 28. Rf2 d3 29. Ne5 d2 30. g5 Qc3 31.
Rxd2 Qxd2+ 32. Kg3 Qe1+ 33. Kg4 Qxe5 34. f4 Qe3 35. a4 h5+ 36. Kf5 Qe8 37. g6
Qe7 38. a5 Rf8#) 28. Rc1 Qa4 (28... Re8 29. Rf1 Re2+ 30. Rf2 Rxf2+ 31. Kxf2 Qa4
32. b5 Qxc2+ 33. Kg3 d3 34. b6 cxb6 35. h4 d2 36. a3 d1=Q 37. h5 Qd6+ 38. f4
Qxa3+ 39. Kh4 Qh2#) 29. c3 d3 30. Re1 (30. Rf1 {doesn't get the cat off the
tree} d2 31. Kg3 d1=Q 32. Rxd1 Qxd1 33. h4 Rf8 34. f4 Qd3+ 35. Kg2 Re8 36. h5
Re2+ 37. Kg1 Qb1#) 30... Qxa2+ (30... d2 31. Rf1 d1=Q 32. Rxd1 Qxd1 33. g5 Rf8
34. f4 Rxf4 35. Kg3 Qf3+ 36. Kh2 Qe2+ 37. Kg1 Rf1#) 31. Kg1 (31. Kg3 {doesn't
change anything anymore} d2 32. Rd1 Re8 33. h4 Qd5 34. Rf1 d1=Q 35. Rxd1 Qxd1
36. g5 Qd6+ 37. Kh3 h5 38. b5 Re2 39. c4 Qh2#) 31... d2 32. Rf1 (32. Rd1 {
doesn't get the bull off the ice} Re8 33. Kg2 Qc2 34. h4 Qxd1 35. Kg3 Re3 36.
h5 Qxf3+ 37. Kh2 Qxg4 38. Kh1 Rh3#) 32... Re8 33. Kf2 (33. g5 {does not win a
prize} Re2 34. gxh6 Qa6 35. Kh1 Qd6 36. f4 Qc6+ 37. Kg1 Qg2#) 33... d1=Q+ 34.
Kg1 (34. Kg3 {doesn't do any good} Qxf1 35. Kf4 g5+ 36. Kf5 Qf7#) 34... Re1 35.
Rxe1 Qxe1# 0-1

[Event "Hokkaido Ch.2017"]
[Site "Sapporo"]
[Date "2017.03.26"]
[Round "5.2"]
[White "Yoshii, Yukihiko"]
[Black "Yamada, Akihiro"]
[Result "1-0"]
[WhiteElo "1828"]
[BlackElo "1970"]
[Annotator "Fritz 15 (30s)"]
[PlyCount "157"]

{D13: Slav Defence: Exchange variation without ...Bf5} 1. c4 Nf6 2. Nc3 c6 3.
d4 d5 4. cxd5 cxd5 5. Nf3 e6 6. a3 (6. Bd2 Nc6 7. Rc1 a6 8. Bf4 Nh5 9. Be5 f6
10. Bg3 e5 11. e3 Nxg3 12. hxg3 e4 13. Nh4 Ne7 14. g4 Qb6 15. Rc2 Be6 16. Nf5
g6 17. Ng3 Nc6 18. f4 Bd6 19. Kf2 O-O 20. a3 Rac8 {Melkumyan,H (2585)-Volkov,S
(2629) St Petersburg 2009 1-0 (57)}) 6... a6 $146 {Secures b5} (6... Be7 7. Bf4
(7. Bg5 h6 8. Bh4 b6 9. e3 Bb7 10. Bd3 Nbd7 11. O-O O-O 12. Rc1 Rc8 13. Nd2 e5
14. Bg3 e4 15. Be2 a6 16. b4 a5 17. Qb3 Ra8 18. Na4 Ne8 19. Bb5 Ba6 20. Bxa6
Rxa6 21. b5 Ra8 {Palm,N (2275)-Rewitz,P (2296) Denmark 2011 1-0 (36)}) 7... a6
(7... O-O 8. e3 Nh5 9. Be5 Nc6 10. Bd3 Nxe5 11. Nxe5 Nf6 12. Rc1 Bd7 13. O-O
Qb6 14. b4 Rfc8 15. Nxd7 Nxd7 16. Na4 Qd8 17. Qb3 Rxc1 18. Rxc1 Rc8 19. Rc3 g6
20. Qc2 Rxc3 21. Qxc3 Bd6 22. g3 {Bulavin,A (2237)-Pushin,V (2375) Kazan 2012
1/2-1/2 (40)}) 8. e3 b5 9. Be2 Nc6 10. O-O Bb7 11. Ne5 O-O 12. Nd3 Na5 13. b4
Nc4 14. a4 Bc6 15. Qc2 Qb6 16. Rfb1 Rfe8 17. Bg5 h6 18. Bh4 Rec8 19. Nc5 Qd8
20. Rd1 Rcb8 21. Bg3 {Hanel,R (2326)-Weber,G (2383) Jenbach 2001 1/2-1/2}) (
6... Nc6 7. Bf4 Ne4 8. e3 Qa5 9. Qb3 Nxc3 10. bxc3 a6 11. Bd3 b5 12. O-O Qb6
13. a4 Na5 14. Qb2 Nc4 15. Bxc4 dxc4 16. Rfb1 b4 17. cxb4 Bb7 18. b5 axb5 19.
Qxb5+ Qxb5 20. axb5 Rc8 21. Rc1 {Bass,L (2419)-Herrera,I (2444) Madrid 2013 1-0
}) 7. Bg5 Nbd7 8. e3 h6 {Black threatens to win material: h6xg5} 9. Bh4 Qa5 10.
b4 {White threatens to win material: b4xa5} Qb6 11. Rc1 Qa7 (11... Bd6 12. Bd3
$14) 12. Bd3 (12. Qa4 $5 $16) 12... Bd6 $14 13. O-O b5 14. Bg3 Bxg3 15. hxg3
Bb7 16. Nd2 (16. a4 bxa4 17. Nxa4 O-O $16) 16... O-O 17. Qe2 (17. a4 bxa4 18.
Nxa4 Qb8 $14) 17... Rfc8 18. Nb3 Rab8 19. g4 Qb6 (19... e5 20. Bf5 Re8 21. g5
hxg5 22. Bxd7 Nxd7 23. Qh5 $11) 20. f3 {Prevents intrusion on e4} (20. f4 Ne4
21. Bxe4 dxe4 $16) 20... Qd8 21. Qf2 Rc7 22. Rc2 e5 23. Nc5 Nxc5 24. bxc5 {
White has a new protected passed pawn: c5} e4 {Black threatens to win material:
e4xd3} 25. Be2 Bc8 {[%cal Yd7c6,Ye6d7,Yc8e6,Yb7c8] Manoeuvre Bb7-c8-e6-d7-c6} (
25... exf3 26. gxf3 Bc6 27. Bd3 $11) 26. Rb1 (26. Qg3 exf3 27. Bxf3 Be6 $14)
26... Re7 (26... exf3 27. gxf3 Re7 28. Bd3 $11) 27. Nd1 (27. Qg3 Bd7 $16) 27...
Be6 28. Qg3 Ra8 29. Rb3 (29. f4 Qc7 $14) 29... Qc7 (29... Qc8 30. g5 hxg5 31.
Qxg5 $14) 30. f4 {[%cal Yg4g5] White prepares g5} (30. Qxc7 $5 Rxc7 31. Kf2 $16
) 30... Bd7 $14 31. Rbc3 (31. Nc3 Re6 $14) 31... Bc6 {The black bishop is safe
in front of c5} 32. g5 hxg5 33. Qxg5 {Black king safety dropped.} Nh7 34. Qh4
f5 35. Nf2 Re6 36. Nh3 (36. g4 Rf8 $11) 36... Rh6 37. Qg3 Kh8 38. Kf2 Rf8 39.
Rc1 Rff6 40. Rh1 Rfg6 41. Qh2 Nf6 42. Qg1 Kg8 (42... Ng4+ 43. Bxg4 fxg4 $15)
43. Ng5 {The white knight is well posted.} (43. Qe1 Rh8 $11) 43... Be8 (43...
Ng4+ $5 44. Bxg4 fxg4 $17) 44. Rc1 (44. Qa1 Rxh1 45. Qxh1 Rh6 $11) 44... Rxh1 (
44... Qa5 45. Qe1 Qxa3 46. Rg1 $11) 45. Qxh1 $11 Rh6 {Black threatens to win
material: Rh6xh1} 46. Qg1 Bh5 47. g3 $4 {there were better ways to keep up the
pressure} (47. Qe1 Bxe2 48. Kxe2 Rh2 $11) 47... Nh7 (47... Bxe2 $142 {ends the
debate} 48. Kxe2 Ng4 $19) 48. Nxh7 $11 Kxh7 (48... Bxe2 $5 {is an interesting
alternative} 49. Kxe2 Rxh7 $11) 49. Bxh5 $16 Rxh5 50. g4 fxg4 51. Qxg4 {
White has a mate threat} Rh6 (51... g6 $142 $5 $14 {looks like a viable
alternative}) 52. Rg1 $16 Qf7 53. Rg2 $4 {throwing away the advantage} (53. Rg3
$142 {White clearly has the better chances} a5 54. Rh3 $16) 53... a5 $11 54.
Qg3 b4 55. axb4 axb4 {Black has a new passed pawn: b4.} 56. Ke2 (56. Rh2 b3 57.
Ke1 Qa7 58. Rxh6+ gxh6 $11) 56... Qd7 (56... Qa7 57. Rg1 $17) 57. f5 (57. Qg4
Qa7 58. Qf5+ g6 59. Qxd5 Qa6+ 60. Kf2 Rh1 61. Qxe4 Qf1+ 62. Kg3 Qe1+ 63. Rf2
Rg1+ 64. Kf3 Qd1+ 65. Re2 Rf1+ 66. Kg3 Qxe2 67. Qe7+ Kh8 68. Qe8+ Kg7 69. Qe7+
Kh8 70. Qe8+ Kg7 71. Qe5+ Kf7 72. Qc7+ Ke6 73. Qc6+ Ke7 74. Qb7+ Kd8 75. Qb6+
Kd7 76. Qd6+ Kc8 77. Qc6+ Kd8 78. Qb6+ Ke7 79. Qd6+ Ke8 80. Qxg6+ Ke7 81. Qd6+
Kf7 82. Qc7+ Ke6 83. Qd6+ Kf7 84. Qd7+ Kf6 85. Qd8+ Kf7 86. Qd5+ Ke7 87. Qd6+
Kf7 $11) 57... Ra6 (57... Qa7 58. Kf2 b3 $19) 58. Rh2+ Kg8 {Black has a mate
threat} 59. Qb8+ {White forks: b4} Kf7 60. Rh8 Ra2+ 61. Ke1 Ra1+ 62. Kd2 {
White has a mate threat} Qe7 $4 {overlooking an easy win} (62... Ra2+ $142 {
had to be tried to avoid defeat} 63. Ke1 Ra1+ 64. Kd2 Ra2+ 65. Kc1 Ra1+ 66. Kd2
$11) 63. c6 (63. Qg8+ Kf6 64. Rh6+ Kg5 65. Rg6+ Kxf5 66. Qh7 Ra2+ 67. Kd1 Qg5
68. Ra6+ Kg4 69. Rxa2 Qh6 70. Qxh6 gxh6 71. c6 Kf3 72. Re2 b3 73. c7 b2 74.
Rxb2 Kxe3 75. c8=Q h5 76. Rb3+ Kf4 77. Qc7+ Kg5 78. Rg3+ Kf6 79. Rg7 h4 80.
Qf7#) 63... Ra2+ (63... b3 {is no salvation} 64. Qxb3 Ra5 65. Qb8 Ra2+ 66. Kd1
Ra1+ 67. Kc2 Ra2+ 68. Kb1 $18) 64. Kc1 Ra7 (64... b3 {a last effort to resist
the inevitable} 65. Qxb3 Qa3+ 66. Qxa3 Rxa3 $18) 65. Qg8+ Kf6 66. Qh7 Qf7 67.
Qh4+ g5 68. Rh6+ Kxf5 (68... Ke7 {is not the saving move} 69. Qxg5+ Ke8 70.
Rh8+ Qf8 71. Qg6+ Ke7 72. Qe6+ Kd8 73. Qd6+ Kc8 74. Rxf8#) 69. Qh3+ (69. Qf2+
Kg4 70. Qg2+ Kf5 71. Qf1+ Kg4 72. Qh3#) 69... g4 $18 70. Rh5+ Kf6 (70... Ke6 {
praying for a miracle} 71. Qxg4+ Kd6 72. Rh6+ Kc7 73. Qg3+ Kb6 74. Qb8+ Ka5 $18
) 71. Qxg4 Ra1+ 72. Kb2 Rf1 (72... Qg6 {does not solve anything} 73. Qf4+ Kg7
74. Qe5+ Kf7 75. Rf5+ Kg8 76. Rg5 Qxg5 77. Qxg5+ Kf7 78. Kxa1 Ke6 79. Qg6+ Ke7
80. Qg7+ Ke6 81. c7 b3 82. c8=Q+ Kd6 83. Qa6#) 73. Rh6+ (73. Qg5+ Ke6 74. Qe5#)
73... Ke7 74. Qd7+ Kf8 75. Qd8+ Qe8 76. Qxe8+ (76. Rh8+ Kg7 77. Qxe8 Rf2+ 78.
Kb3 Rb2+ 79. Kxb2 Kf6 80. Rh6+ Kg7 81. Rg6+ Kh7 82. Qg8#) 76... Kxe8 77. Rh8+
Ke7 (77... Kf7 {does not save the day} 78. c7 Rf2+ 79. Kb3 Rf3 80. c8=Q Rxe3+
81. Kxb4 Rb3+ 82. Kxb3 Kg7 83. Qf8+ Kg6 84. Rh1 Kg5 85. Rg1+ Kh5 86. Qh8#) 78.
c7 Rf2+ (78... Rf8 {does not improve anything} 79. Rxf8 Kxf8 80. c8=Q+ Kg7 81.
Qe6 Kh7 82. Kb3 Kh8 83. Qh6+ Kg8 84. Kxb4 Kf7 85. Kc5 Ke7 86. Qg7+ Ke6 87. Qf8
Kd7 88. Qf7+ Kc8 89. Kc6 Kd8 90. Qf8#) 79. Kb3 (79. Kb3 Rf8 80. Rxf8 Kxf8 81.
c8=Q+ Kg7 82. Kxb4 Kg6 83. Qe6+ Kg7 84. Kc5 Kh8 85. Kd6 Kh7 86. Ke7 Kg7 87. Ke8
Kh7 88. Kf8 Kh8 89. Qg8#) 1-0

[Event "Hokkaido Ch.2017"]
[Site "Sapporo"]
[Date "2017.03.26"]
[Round "5.3"]
[White "Shibuya, Kaisei"]
[Black "Sato, Tsubasa"]
[Result "1-0"]
[WhiteElo "1529"]
[BlackElo "1677"]
[Annotator "Fritz 15 (30s)"]
[PlyCount "107"]

{C54: Giuoco Piano: 4 c3 Nf6, main lines with 5 d4 and 5 d3} 1. e4 e5 2. Nf3
Nc6 3. Bc4 Nf6 4. d3 h6 5. O-O Bc5 6. c3 d6 7. Re1 Bg4 (7... O-O 8. Bb3 Bb6 9.
Nbd2 Ne7 10. Nf1 Ng6 11. Ng3 c6 12. h3 Be6 13. Bc2 Qc7 14. d4 Rad8 15. Be3 Rfe8
16. Qc1 Qe7 17. a4 c5 18. a5 Bc7 19. d5 Bd7 20. Ba4 Bxa4 21. Rxa4 Qd7 22. Ra3 {
Igonin,T (2274)-Abdusattorov,N (2193) Tashkent 2015 1/2-1/2 (50)}) 8. Nbd2 O-O
$146 (8... Bb6 9. Nf1 Qd7 10. h3 Bxf3 11. Qxf3 Na5 12. a4 Nxc4 13. dxc4 a5 14.
Ng3 Qe6 15. Nf5 Kf8 16. Be3 Bxe3 17. Nxe3 g6 18. Nd5 Nxd5 19. exd5 Qf5 20. c5
Qxf3 21. gxf3 Kg7 22. Ra3 dxc5 23. Rxe5 {Hillarp Persson,T (2546)-Melkumyan,H 
(2649) London 2012 1/2-1/2 (87)}) 9. Nf1 Ne7 10. Bb3 c6 {Controls d5} 11. h3 {
White threatens to win material: h3xg4} Bh5 12. Ng3 Bg6 13. Nh4 Qb6 14. Qf3
Rae8 (14... Kh8 15. Bxh6 Bxf2+ 16. Qxf2 Qxf2+ 17. Kxf2 gxh6 18. Rf1 $14) 15.
Nxg6 Nxg6 16. Bxh6 $4 {White loses the upper hand} (16. Nf5 Kh7 $16) 16...
Bxf2+ $4 {a transit from better to worse} (16... Nh4 $142 17. Qe2 gxh6 $17) 17.
Qxf2 $16 Qxf2+ 18. Kxf2 gxh6 19. Nf5 Kh7 (19... Nf4 20. Rad1 $16) 20. Nxd6 Rd8
21. Nxb7 Rxd3 22. Nc5 Rd2+ 23. Re2 Rfd8 (23... Rxe2+ 24. Kxe2 Nf4+ 25. Kf3 $18)
24. g3 Kg7 25. Ke3 Rxe2+ 26. Kxe2 Nh5 27. Kf3 Rd2 (27... Kf8 $18) 28. Na4 $4 {
lets it slip away} (28. Rd1 $142 Rxb2 29. Rd7 $18) 28... Rd3+ $17 29. Ke2 (29.
Kf2 $5 Rxg3 30. Bd1 Rxh3 31. Bxh5 Rxh5 32. Rg1 $17) 29... Rxg3 30. Rf1 (30. Rd1
Ngf4+ 31. Ke1 Nd3+ 32. Kd2 Nf2 $19) 30... Nhf4+ $19 31. Kf2 $2 (31. Ke1 Re3+
32. Kd2 Rxh3 $19) 31... Rg2+ 32. Ke1 Rg3 {Black threatens to win material:
Rg3xh3} (32... Nd3+ $5 33. Kd1 Ngf4 34. Bc4 $19) 33. Nc5 $4 {releasing the
pressure on the opponent. The knight is not easily driven from c5} (33. Kf2
Rxh3 34. Bc4 $19) 33... Rxh3 (33... Re3+ 34. Kd2 Rxh3 35. Kc1 $19) 34. Bc2 (34.
Ba4 Re3+ 35. Kd1 h5 $19) 34... Re3+ $19 35. Kd1 (35. Kd2 Re2+ 36. Kd1 h5 $19)
35... h5 36. Nd3 $2 (36. Nb7 h4 37. Nd6 Kf6 $19) 36... Nxd3 37. Bxd3 (37. Kd2
Rh3 38. Bxd3 Rh2+ 39. Ke3 $19) 37... Rxd3+ 38. Ke2 (38. Kc2 {cannot undo what
has already been done} Re3 $19) 38... Nf4+ 39. Rxf4 (39. Ke1 {what else?} Re3+
40. Kf2 Re2+ 41. Kg1 Rxb2 42. a4 $19) 39... exf4 40. Kxd3 h4 41. Ke2 h3 42. Kf2
Kg6 (42... Kf6 {keeps an even firmer grip} 43. Kf3 Ke5 44. c4 $19) 43. c4 Kf6
44. Kf3 Ke5 45. b4 Kd4 46. c5 Kc4 47. a3 Kb3 (47... Kb5 48. Kxf4 h2 49. Kg3
h1=Q 50. e5 Qa1 51. Kf4 Qxa3 52. Kg4 Qe3 53. Kf5 Kxb4 54. e6 Qxe6+ 55. Kf4 a5
56. Kg5 a4 57. Kh4 Qg6 58. Kh3 Qg1 59. Kh4 f6 60. Kh3 f5 61. Kh4 Qg4#) 48. b5
$18 Kc3 49. bxc6 Kd3 $4 {terrible, but the game is lost in any case} (49... h2
50. Kg2 Kd2 51. Kxh2 f3 $18) 50. c7 h2 51. Kg2 f3+ 52. Kxh2 f2 53. c8=Q f1=Q
54. Qa6+ (54. Qa6+ Kd4 55. Qxf1 Kxc5 56. Qxf7 Kd4 57. Qd5+ Kc3 58. e5 a6 59. e6
a5 60. e7 Kb2 61. e8=Q Kxa3 62. Qh8 Kb4 63. Qb2+ Ka4 64. Qc4#) 1-0